El conflicto de los siglos / (Record no. 25324)

MARC details
000 -LEADER
fixed length control field 01198nam a2200313Ii 4500
001 - CONTROL NUMBER
control field 1260204531
003 - CONTROL NUMBER IDENTIFIER
control field AUA.1
005 - DATE AND TIME OF LATEST TRANSACTION
control field 20260312205328.0
008 - FIXED-LENGTH DATA ELEMENTS--GENERAL INFORMATION
fixed length control field 210714s2008 mdu 000 0 spa d
020 ## - INTERNATIONAL STANDARD BOOK NUMBER
International Standard Book Number 9781575548807
035 ## - SYSTEM CONTROL NUMBER
System control number (OCoLC)1260204531
040 ## - CATALOGING SOURCE
Original cataloging agency EXN
Language of cataloging eng
Transcribing agency EXN
Modifying agency JTL
041 ## - LANGUAGE CODE
Language code of text/sound track or separate title Spanish
050 ## - LIBRARY OF CONGRESS CALL NUMBER
Classification number BX6146.G711
Item number S6 2011
100 1# - MAIN ENTRY--PERSONAL NAME
Personal name White, Ellen G.,
Dates associated with a name 1827-1915.
240 00 - UNIFORM TITLE
Uniform title <a href="Great controversy.">Great controversy.</a>
Language of a work Spanish.
245 13 - TITLE STATEMENT
Title El conflicto de los siglos /
Statement of responsibility, etc E. G. White.
260 ## - PUBLICATION, DISTRIBUTION, ETC. (IMPRINT)
Place of publication, distribution, etc Doral, Florida :
Name of publisher, distributor, etc Asociación Publicadora Interamericana,
Date of publication, distribution, etc 2011.
300 ## - PHYSICAL DESCRIPTION
Extent 671 pages ;
Dimensions 21 cm.
500 ## - GENERAL NOTE
General note Spanish Translation of : The great controversy.
520 ## - SUMMARY, ETC.
Summary, etc "This book is not about church doctrine but it is about the battle between good and evil, the battle that all must contend with daily. This book will lead you to a better life." -- Great Controversy Project website.
630 00 - SUBJECT ADDED ENTRY--UNIFORM TITLE
Uniform title Bible
General subdivision Prophecies.
650 #0 - SUBJECT ADDED ENTRY--TOPICAL TERM
Topical term or geographic name as entry element Seventh-Day Adventists
General subdivision Doctrines.
650 #0 - SUBJECT ADDED ENTRY--TOPICAL TERM
Topical term or geographic name as entry element Church history.
650 #0 - SUBJECT ADDED ENTRY--TOPICAL TERM
Topical term or geographic name as entry element Eschatology.
650 #0 - SUBJECT ADDED ENTRY--TOPICAL TERM
Topical term or geographic name as entry element End of the world.
650 #0 - SUBJECT ADDED ENTRY--TOPICAL TERM
Topical term or geographic name as entry element Spanish language materials.
942 ## - ADDED ENTRY ELEMENTS (KOHA)
Source of classification or shelving scheme Library of Congress Classification
Koha item type Books
Classification part BX 6146 .G711
Item part S6 2011
Holdings
Withdrawn status Lost status Source of classification or shelving scheme Damaged status Not for loan Collection code Home library Current library Shelving location Date acquired Source of acquisition Cost, normal purchase price Serial Enumeration / chronology Total Checkouts Full call number Barcode Date last seen Cost, replacement price Price effective from Koha item type
    Library of Congress Classification     Books Judith Thomas Library Judith Thomas Library General Stacks 12/03/2026 Donation 20.00 AUA28078   BX 6146 .G711 S6 2011 AUA28078 12/03/2026 20.00 12/03/2026 Books